| 000 | 02441nam0a2200397 4500 | ||
|---|---|---|---|
| 001 | RU\NLR\BIBL_A\022522564 | ||
| 005 | 20260420043154.0 | ||
| 010 |
_a978-5-6053012-0-2 _9100 |
||
| 021 |
_aRU _bКН-П-25-011038 _9КН-П-25-1119 |
||
| 035 | _a(NLR Aleph) 022522564 | ||
| 090 |
_a13671653 _c13671653 |
||
| 100 | _a20250415d2024 u y0rusy50 ca | ||
| 101 | 0 | _arus | |
| 102 | _aRU | ||
| 105 | _ay|||j|||000yy | ||
| 181 | 0 |
_ai _bxxxe |
|
| 182 | 0 | _an | |
| 200 | 1 |
_aПолномочия органов публичной власти Российской Федерации _eучебно-методическое пособие _fОвчаренко Р. К., Сивак Д. С. _gФедеральное государственное бюджетное образовательное учреждение высшего образования Российская академия народного хозяйства и государственной службы при Президенте Российской Федерации, Южно-Российский институт управления — филиал |
|
| 203 |
_aТекст _bвизуальный _cнепосредственный |
||
| 205 | _a2-е изд., перераб. | ||
| 210 |
_aРостов-на-Дону _cИзд-во ЮРИУ — филиал РАНХиГС _d2024 |
||
| 215 |
_a130 с. _d21 |
||
| 300 | _aАвт. указаны на обороте тит. с. в макете | ||
| 320 | _aБиблиогр.: с. 129 | ||
| 606 | 1 |
_aОрганы государственной власти _jУчебно-методические пособия _xПравовое регулирование _yРоссийская Федерация _92233297 _3RU\NLR\AUTH\661340388 |
|
| 606 | 1 |
_aОрганы местного самоуправления _jУчебно-методические пособия _xПолномочия _yРоссийская Федерация _92483709 _3RU\NLR\AUTH\661474203 |
|
| 686 | 1 | _aХ620.61я7 | |
| 686 | 1 | _aХ621.011.2я7 | |
| 700 | 1 |
_aОвчаренко _bР. К. _gРоман Константинович |
|
| 701 | 1 |
_aСивак _bД. С. |
|
| 712 | 0 | 2 |
_4475 _aЮжно-Российский институт управления _cРостов-на-Дону _9438626 _3RU\NLR\AUTH\880386241 |
| 942 | _cBOOK | ||
| 980 | _aNB | ||